000 01199cam a2200445 4500
001 J64013
008 000000n2001 000 0 eng u
035 _a(Sirsi) u117533
041 _aeng
050 _a332.6324
110 _aGVA Grimley
_93646
245 _aEconomic and property market review - UK - a quarterly bulletin - first quarter 2001
260 _aLondon
_bGVA Grimley
_c2001
300 _a1 pt ; 30cm.
350 _a0
520 _aAlso available on their website http://www.ish.co.uk
650 _aECONOMIC ISSUES
650 _aDEVELOPMENT ACTIVITY
650 _aECONOMIC INDICATORS
650 _aHOUSING
650 _aHUMBERSIDE
650 _aINDUSTRIAL PROPERTY
650 _aINVESTMENT PROPERTY MARKETS
650 _aLONDON
650 _aMIDLANDS
650 _aNORTHWEST ENGLAND
650 _aNORTH
650 _aOCCUPIER PROPERTY MARKET
650 _aPROPERTY INVESTMENT
650 _aRENTS
650 _aRETAIL PROPERTY
650 _aSCOTLAND
650 _aSOUTH EAST
650 _aSOUTH WEST
650 _aWALES
650 _aYORKSHIRE
690 _aPROPERTY-COMMERCIAL PROPERTY
856 _uhttps://www.ish.co.uk
942 _n0
999 _c102021
_d102021